K problematike vývojových nerovnováh bývania na Slovensku
Bývanie je jednou zo základných ľudských potrieb. Štátna bytová politika a urbanizácia. Veľký prírastok obyvateľstva si vyžadoval venovať zvýšenú pozornosť zabezpečovaniu bývania. Neefektívnosť využívania bytov. Zvyšovanie civilizačného štandardu bývania. Bytový problém v spoločenskej transformácii....
Na minha lista:
| Autor principal: | |
|---|---|
| Formato: | Capítulo de Livro |
| Idioma: | eslovaco |
| Assuntos: | |
| Tags: |
Sem tags, seja o primeiro a adicionar uma tag!
|
MARC
| LEADER | 00000naa a2200000 4500 | ||
|---|---|---|---|
| 001 | r023101 | ||
| 005 | 20230921123353.1 | ||
| 041 | 0 | |a slo | |
| 044 | |a SK | ||
| 245 | 1 | 0 | |a K problematike vývojových nerovnováh bývania na Slovensku |c P. Gajdoš |
| 520 | |a Bývanie je jednou zo základných ľudských potrieb. Štátna bytová politika a urbanizácia. Veľký prírastok obyvateľstva si vyžadoval venovať zvýšenú pozornosť zabezpečovaniu bývania. Neefektívnosť využívania bytov. Zvyšovanie civilizačného štandardu bývania. Bytový problém v spoločenskej transformácii. Tendencie vo vývoji potrieb bývania. | ||
| 610 | 2 | 0 | |a výstavba bytová |
| 610 | 2 | 0 | |a bývanie |
| 610 | 2 | 0 | |a byty |
| 610 | 2 | 0 | |a politika bytová |
| 610 | 2 | 0 | |a štát |
| 610 | 2 | 0 | |a Slovensko |
| 100 | 1 | |a Gajdoš, P. | |